000 00584nam a22001697a 4500
005 20251108175511.0
008 250721s2017 xx 000 0 ara d
082 1 4 _a956.0669/خطي
100 1 _aالخطيب، ابراهيم ياسين
245 1 0 _aالقدس بين أطماع الصليبيين و تفريط الملك الكامل /
264 1 _aعمان :
_bدار المناهج للنشر و التوزيع،
_c2017.
300 _a312ص.
650 1 7 _aالايوبيون 1252-1174
650 1 7 _aالتاريخ الاسلامي
942 _2ddc
_cBK
999 _c135574
_d135574